Chelsea Squad 25/26 - Statistics

General Stats
  • This quiz has been taken 197 times
    115 since last reset
  • The average score is 18 of 30
Answer Stats
# Nation Former Club Answer % Correct
10 England Man City Cole Palmer
100%
1 Spain Brighton Robert Sanchez
95%
8 Argentina Benfica Enzo Fernandez
93%
3 Spain Brighton Marc Cucurella
90%
25 Ecuador Brighton Moises Caicedo
85%
7 Portugal Wolves Pedro Neto
85%
11 England Dortmund Jamie Gittens
83%
27 France Lyon Malo Gusto
80%
20 Brazil Brighton Joao Pedro
75%
24 England Youth Reece James
75%
49 Argentina Man United Alejandro Garnacho
65%
41 Brazil Palmeiras Estevao
65%
9 England Ipswich Town Liam Delap
65%
29 France Leicester City Wesley Fofana
60%
45 Belgium Southampton Romeo Lavia
55%
6 England Youth Levi Colwill
53%
17 Brazil Vasco Da Gama Andrey Santos
50%
2 France Monaco Axel Disasi
50%
21 Netherlands Ajax Jorrel Hato
50%
38 Spain Barcelona Marc Guiu
50%
5 France Monaco Benoit Badiashile
48%
12 Denmark Villarreal Filip Jorgensen
48%
23 England Youth Trevoh Chalobah
48%
4 England Fulham Tosin Adarabioyo
43%
32 England Youth Tyrique George
40%
14 Portugal Sporting Dario Essugo
33%
- England Man City Raheem Sterling
28%
34 England Youth Josh Acheampong
25%
40 Argentina Brighton Facundo Buonanotte
23%
44 USA Chicago Fire Gabriel Slonina
15%
No matching quizzes found
Score Distribution
Percent of People with Each Score
Percentile by Number Answered
Your Score History
You have not taken this quiz since the last reset